00358nam a2200133Ia 450000500170000000800410001702000180005808200200007610000210009624500470011726000380016430000130020244000090021520241029150432.0240126s9999 xx 000 0 und d a9789386867919 a158.1 JEN;1 R aJensen, C James. 0aExpand the power of your subconscious mind bJaico PublishingaAhmedabadc2012 axix, 194 aNULL